| 000 | 00458nam a2200181 a 4500 | ||
|---|---|---|---|
| 001 | 1762256540711 | ||
| 003 | ACL | ||
| 005 | 20251104171502.0 | ||
| 008 | 251104s2008##################000#0#eng## | ||
| 020 | _a9788177227857 | ||
| 082 | 0 | 4 |
_a658.3112 _bWEN |
| 100 | 1 |
_aWendover, Robert W., _eauthor. |
|
| 245 | 1 | 0 | _aSmart Hiring At The Next Level : |
| 260 |
_bJohn Wiley & Sons, _c2008. |
||
| 300 | _a276 pages | ||
| 942 | _cENGLISH | ||
| 040 |
_aACL _beng _cACL |
||
| 999 |
_c595686 _d595686 |
||